000 00971nam a2200277Ia 4500
003 OSt
005 20221005110458.0
006 a|||||r|||| 00| 0
007 ta
008 221004b |||||||| |||| 00| 0 hin d
020 _a978812147557 (hbk)
_cINR 125.00
024 _a41999
037 _b302, 25/02/2019, Eastern Book Linkers
_cTextual
040 _aCRL
_cCRL
_bhin
041 _2hin
_ahin
082 _aO152,1N49x, Q3
100 _aजैन, राजेश, ले.
245 0 _aजिनांजलि
246 _aJināanjali
260 _aनई दिल्ली
_bनेशनल पब्लिशिंग हाउस भारत
_c2013
300 _a97पृ0
_ccm.
650 _a हिन्दी साहित्य
650 _aहिन्दी कविता
942 _hO152,1N49x, Q3
_cTEXL
_2cc
999 _c1018954
_d1018954